2202-静岡鉄道の駅 - Statistics

General Stats
  • This quiz has been taken 166 times
  • The average score is 10 of 15
Answer Stats
本線 % Correct
新静岡
99%
新清水
99%
草薙
91%
狐ヶ崎
72%
県総合運動場
69%
県立美術館前
69%
日吉町
65%
長沼
63%
音羽町
62%
柚木
62%
桜橋
62%
入江岡
57%
古庄
54%
御門台
52%
春日町
50%
No matching quizzes found
Score Distribution
Percent of People with Each Score
Percentile by Number Answered
Your Score History
You have not taken this quiz